ბათუმის შოთა რუსთაველის სახელმწიფო უნივერსიტეტის ბიბლიოთეკა

კრიტიკული წერილები. (ბიბ.ჩანაწერი № 55867)

000 -LEADER
fixed length control field 00874nam a2200241Ia 4500
001 - CONTROL NUMBER
control field 22965
003 - CONTROL NUMBER IDENTIFIER
control field GE_BSU
008 - FIXED-LENGTH DATA ELEMENTS--GENERAL INFORMATION
fixed length control field 181216s||||||||xx |||||||||||||| ||und||
040 ## - CATALOGING SOURCE
Transcribing agency GE_BSU
080 ## - UNIVERSAL DECIMAL CLASSIFICATION NUMBER
Universal Decimal Classification number 821.353.1.09+792(=353.1)
100 ## - MAIN ENTRY--PERSONAL NAME
Personal name ბაქრაძე, აკაკი.
245 ## - TITLE STATEMENT
Title კრიტიკული წერილები.
260 ## - PUBLICATION, DISTRIBUTION, ETC.
Place of publication, distribution, etc. თბილისი
260 ## - PUBLICATION, DISTRIBUTION, ETC.
Name of publisher, distributor, etc. ნაკადული
260 ## - PUBLICATION, DISTRIBUTION, ETC.
Date of publication, distribution, etc. 1966
300 ## - PHYSICAL DESCRIPTION
Extent 155გვ. ; 16სმ.
653 ## - INDEX TERM--UNCONTROLLED
Uncontrolled term კრიტიკული წერილები.
653 ## - INDEX TERM--UNCONTROLLED
Uncontrolled term ლიტერატურის ისტორია და კრიტიკა -- ქართული ლიტერატურა.
653 ## - INDEX TERM--UNCONTROLLED
Uncontrolled term ქართული თეატრი.
653 ## - INDEX TERM--UNCONTROLLED
Uncontrolled term ქართული ლიტერატურა.
942 ## - ADDED ENTRY ELEMENTS (KOHA)
Koha item type წიგნი
ეგზემპლარები
Withdrawn status Lost status Damaged status Not for loan Date acquired Barcode Date last seen Price effective from Koha item type
        2018-12-17 58389 2018-12-17 2018-12-17 წიგნი